| 000 | 00887cam a2200157ua 4500 | ||
|---|---|---|---|
| 041 |
_aeng _h |
||
| 082 |
_a331.2592 _bDIR/HA |
||
| 110 | 1 |
_aDirectorate of national employment service . _b _c(Kerala ) |
|
| 245 | 0 | 0 | _aHandbook on training facilities in kerala |
| 250 |
_a1 / _b. |
||
| 260 |
_aKerala : _bDirectorate of national employment sevice , _c1961. |
||
| 300 | _a ; . | ||
| 504 | _a | ||
| 942 | _cBK | ||
| 999 |
_c223 _d223 |
||